[Event "SWE-chT2 1314"]
[Site "Sweden"]
[Date "2014.01.18"]
[Round "4"]
[White "Ottenklev, Niclas"]
[Black "Evertsson, Lennart"]
[Result "0-1"]
[WhiteElo "2171"]
[BlackElo "2172"]
[PlyCount "70"]
[EventDate "2013.11.22"]
[EventType "team-tourn"]
[EventRounds "9"]
[EventCountry "SWE"]
[SourceTitle "EXT 2015"]
[Source "ChessBase"]
[SourceDate "2014.11.20"]
[SourceVersion "1"]
[SourceVersionDate "2014.11.20"]
[SourceQuality "1"]
[WhiteTeam "Norrkoping Schack 08"]
[BlackTeam "Kungstornet"]
[WhiteTeamCountry "SWE"]
[BlackTeamCountry "SWE"]

1. e4 c5 2. Nf3 e6 3. Qe2 Nc6 4. c3 Nf6 5. g3 Be7 6. Bg2 0-0 7. 0-0 d5 8. d3 b5 9. h4 d4 10. e5 Nd5 11. a4 bxa4 12. Rxa4 Bd7 13. c4 Ndb4 14. Ra3 f6 15. exf6 gxf6 16. Bh6 Rf7 17. Ne1 Kh8 18. Kh2 Qg8 19. Bf3 Bf8 20. Bd2 Rb8 21. Bxb4 cxb4 22. Ra6 Ne5 23. Bh5 Rg7 24. Rxa7 Bd6 25. Nd2 Nc6 26. Rxd7 Rxd7 27. Qf3 Ne5 28. Qxf6+ Rg7 29. Ne4 Rf8 30. Qh6 Be7 31. Kh3 Rf5 32. f4 Bf8 33. Nf6 Rxg3+ 34. Kh2 Bxh6 35. Nxg8 Rxg8 0-1

[Event "Rilton Cup 43rd"]
[Site "Stockholm"]
[Date "2014.01.03"]
[Round "7"]
[White "Evertsson, Lennart"]
[Black "Aroven, Mikael"]
[Result "0-1"]
[WhiteElo "2186"]
[BlackElo "2045"]
[PlyCount "74"]
[EventDate "2013.12.27"]
[EventType "swiss"]
[EventRounds "9"]
[EventCountry "SWE"]
[SourceTitle "CBM 158 Extra"]
[Source "ChessBase"]
[SourceDate "2014.02.28"]
[SourceVersion "1"]
[SourceVersionDate "2014.02.28"]
[SourceQuality "1"]

1. d4 Nf6 2. Nf3 e6 3. g3 b6 4. Bg2 Bb7 5. 0-0 c5 6. c4 cxd4 7. Qxd4 Nc6 8. Qd1 d5 9. cxd5 Nxd5 10. a3 Be7 11. e4 Nc7 12. Qa4 0-0 13. Rd1 Qc8 14. Nc3 Bf6 15. Bf4 Bxc3 16. bxc3 Re8 17. e5 Na5 18. Bg5 Nd5 19. Qg4 Ne7 20. h4 Nf5 21. Bf6 Qc6 22. Rd4 Kh8 23. Qg5 Qxc3 24. Rf4 Qxa1+ 25. Kh2 gxf6 26. Qxf6+ Ng7 27. Rg4 Rg8 28. Ng5 Raf8 29. Ne4 Bxe4 30. Rxe4 Nc6 31. h5 Qxa3 32. h6 Qe7 33. hxg7+ Rxg7 34. Rc4 Qxf6 35. exf6 Rg6 36. Rxc6 Rxf6 37. f4 Rb8 0-1

[Event "Stockholm All Saints op"]
[Site "Stockholm"]
[Date "2013.11.02"]
[Round "5"]
[White "Evertsson, Lennart"]
[Black "Aroven, Mikael"]
[Result "1-0"]
[WhiteElo "2177"]
[BlackElo "2101"]
[PlyCount "139"]
[EventDate "2013.10.31"]
[EventType "swiss"]
[EventRounds "7"]
[EventCountry "SWE"]
[SourceTitle "EXT 2014"]
[Source "ChessBase"]
[SourceDate "2013.11.20"]
[SourceVersion "1"]
[SourceVersionDate "2013.11.20"]
[SourceQuality "1"]

1. c4 Nf6 2. Nf3 c5 3. Nc3 e6 4. d4 cxd4 5. Nxd4 Nc6 6. Nc2 Bc5 7. e4 0-0 8. Be2 d5 9. cxd5 exd5 10. exd5 Ne5 11. Be3 Bd6 12. h3 Bd7 13. g4 Qa5 14. Kf1 Rfc8 15. g5 Rxc3 16. gxf6 Rxc2 17. Qxc2 Qxd5 18. Rg1 Bxh3+ 19. Ke1 g6 20. Qd2 Qe6 21. Rc1 Qxf6 22. a3 Re8 23. Qd5 Bf8 24. Qxb7 h5 25. Rc3 Bg4 26. Rg3 Bg7 27. Bxg4 Nxg4 28. Rf3 Qe6 29. Rc7 Ne5 30. Rg3 h4 31. Rg1 Qf5 32. Rh1 Qb1+ 33. Rc1 Nd3+ 34. Kd2 Nxc1 35. Rxc1 Qf5 36. Ke2 h3 37. b4 Bb2 38. Rc5 Qg4+ 39. Qf3 Qxf3+ 40. Kxf3 Bxa3 41. Rb5 Bb2 42. Bxa7 Be5 43. Rd5 h2 44. Kg2 Kh7 45. b5 Bf4 46. Rd1 Re7 47. b6 g5 48. Rb1 Rb7 49. Rb3 Kg6 50. Rd3 Re7 51. Rd1 Kh5 52. Rb1 Rb7 53. Rb3 Kg4 54. Rb5 f6 55. Rb3 Kf5 56. Rb1 Be5 57. Rb4 Ke6 58. Rb1 Kd5 59. Rd1+ Ke4 60. Re1+ Kf4 61. Rb1 Ke4 62. Re1+ Kd3 63. Rb1 Bd4 64. Rd1+ Ke4 65. Rb1 g4 66. Rb4 Rh7 67. Kh1 Kd3 68. Rxd4+ Ke2 69. Rxg4 Rb7 70. Rf4 1-0

[Event "Stockholm All Saints op"]
[Site "Stockholm"]
[Date "2013.11.02"]
[Round "6"]
[White "Evertsson, Lennart"]
[Black "Blomqvist, Erik"]
[Result "1/2-1/2"]
[WhiteElo "2177"]
[BlackElo "2505"]
[PlyCount "48"]
[EventDate "2013.10.31"]
[EventType "swiss"]
[EventRounds "7"]
[EventCountry "SWE"]
[SourceTitle "EXT 2014"]
[Source "ChessBase"]
[SourceDate "2013.11.20"]
[SourceVersion "1"]
[SourceVersionDate "2013.11.20"]
[SourceQuality "1"]

1. c4 Nf6 2. Nf3 e6 3. g3 a6 4. Bg2 b5 5. b3 Bb7 6. 0-0 c5 7. d3 Be7 8. Na3 Qb6 9. h3 d5 10. Be3 Nc6 11. Qc1 0-0 12. Nc2 Rac8 13. g4 Rfe8 14. Rb1 Qa7 15. Rd1 Qa8 16. Bf4 Bd8 17. Bd6 Bb6 18. g5 Nd7 19. Ne3 Nd4 20. Nxd4 cxd4 21. Ng4 dxc4 22. Bxb7 Qxb7 23. bxc4 Qc6 24. Qf4 e5 1/2-1/2

[Event "Stockholm All Saints op"]
[Site "Stockholm"]
[Date "2013.11.01"]
[Round "3"]
[White "Evertsson, Lennart"]
[Black "Akesson, Ralf"]
[Result "0-1"]
[WhiteElo "2177"]
[BlackElo "2465"]
[PlyCount "76"]
[EventDate "2013.10.31"]
[EventType "swiss"]
[EventRounds "7"]
[EventCountry "SWE"]
[SourceTitle "EXT 2014"]
[Source "ChessBase"]
[SourceDate "2013.11.20"]
[SourceVersion "1"]
[SourceVersionDate "2013.11.20"]
[SourceQuality "1"]

1. c4 e6 2. Nf3 Nf6 3. g3 a6 4. Bg2 b5 5. b3 Bb7 6. 0-0 c5 7. d3 d6 8. Na3 Qb6 9. h3 Nc6 10. Be3 d5 11. Qc1 Be7 12. Nc2 d4 13. Bd2 0-0 14. e3 dxe3 15. Bxe3 Rfd8 16. Rd1 Rd7 17. b4 Rad8 18. Rb1 bxc4 19. bxc5 Qa7 20. d4 Nd5 21. Bd2 e5 22. Re1 exd4 23. Ncxd4 Nxd4 24. Nxd4 Qxc5 25. Nf5 Bf8 26. Rxb7 Rxb7 27. Bf4 Rbd7 28. Be5 Ne7 29. Nh4 Ng6 30. Nxg6 hxg6 31. Bc3 Qa3 32. Bb2 Qa5 33. Rf1 Qd2 34. Qa1 Qc2 35. Bc3 Rd1 36. Qb2 Qxb2 37. Bxb2 Be7 38. Be5 Bf6 0-1

[Event "Stockholm op"]
[Site "Stockholm"]
[Date "2013.08.05"]
[Round "2"]
[White "Evertsson, Lennart"]
[Black "Knoppel, Bjorn"]
[Result "1-0"]
[WhiteElo "2200"]
[BlackElo "1867"]
[PlyCount "53"]
[EventDate "2013.08.05"]
[EventType "swiss"]
[EventRounds "9"]
[EventCountry "SWE"]
[SourceTitle "CBM 155 Extra"]
[Source "ChessBase"]
[SourceDate "2013.08.26"]
[SourceVersion "1"]
[SourceVersionDate "2013.08.26"]
[SourceQuality "1"]

1. c4 d6 2. Nc3 f5 3. e4 Nf6 4. Bd3 fxe4 5. Nxe4 Nbd7 6. Nf3 Nxe4 7. Bxe4 Nf6 8. Bc2 e5 9. d4 exd4 10. Qxd4 Be7 11. Bd2 c6 12. Bc3 Qb6 13. Qd2 a5 14. 0-0 0-0 15. Rae1 Qc7 16. Ng5 h6 17. Ne6 Bxe6 18. Rxe6 d5 19. Qe2 Ne4 20. Rxe4 dxe4 21. Qxe4 Bf6 22. Qh7+ Kf7 23. Bxf6 Kxf6 24. Qg6+ Ke7 25. Re1+ Kd8 26. Bf5 Qf7 27. Qd6+ 1-0

[Event "Politiken Cup 35th"]
[Site "Helsingor"]
[Date "2013.08.01"]
[Round "7"]
[White "Evertsson, Lennart"]
[Black "Alquist, Erik"]
[Result "1-0"]
[WhiteElo "2200"]
[BlackElo "2053"]
[PlyCount "91"]
[EventDate "2013.07.27"]
[EventType "swiss"]
[EventRounds "10"]
[EventCountry "DEN"]
[SourceTitle "CBM 155 Extra"]
[Source "ChessBase"]
[SourceDate "2013.08.26"]
[SourceVersion "1"]
[SourceVersionDate "2013.08.26"]
[SourceQuality "1"]

1. Nf3 Nf6 2. c4 c5 3. Nc3 Nc6 4. e3 d5 5. cxd5 Nxd5 6. Qb3 Nxc3 7. Qxc3 Qa5 8. Qxa5 Nxa5 9. b3 Bd7 10. Ne5 Be6 11. Bb5+ Kd8 12. Bb2 a6 13. Be2 f6 14. Nd3 Rc8 15. Bc3 b6 16. Nf4 Bf7 17. Bxa6 Ra8 18. Bd3 e5 19. Be4 Ra7 20. Ne2 c4 21. b4 Nb7 22. 0-0 Nd6 23. Bc6 Kc7 24. b5 Nb7 25. f4 exf4 26. Nxf4 Bc5 27. g4 Rd8 28. g5 fxg5 29. Nh3 Bd5 30. Bxd5 Rxd5 31. Rf7+ Rd7 32. Rxd7+ Kxd7 33. Nxg5 g6 34. Nxh7 Ra3 35. Nf6+ Ke6 36. Ne4 Kd5 37. Nxc5 Nxc5 38. Kf1 Ne4 39. Bb4 Ra4 40. a3 Nc5 41. Ke2 Nd3 42. Bc3 Nc5 43. Rg1 Rxa3 44. Rg5+ Kd6 45. Rxg6+ Ne6 46. Bb4+ 1-0

[Event "Politiken Cup 35th"]
[Site "Helsingor"]
[Date "2013.07.28"]
[Round "3"]
[White "Evertsson, Lennart"]
[Black "Svane, Rasmus"]
[Result "0-1"]
[WhiteElo "2200"]
[BlackElo "2427"]
[PlyCount "84"]
[EventDate "2013.07.27"]
[EventType "swiss"]
[EventRounds "10"]
[EventCountry "DEN"]
[SourceTitle "CBM 155 Extra"]
[Source "ChessBase"]
[SourceDate "2013.08.26"]
[SourceVersion "1"]
[SourceVersionDate "2013.08.26"]
[SourceQuality "1"]

1. e4 c6 2. Nf3 d5 3. Nc3 Bg4 4. h3 Bxf3 5. Qxf3 e6 6. exd5 cxd5 7. Bb5+ Nc6 8. 0-0 Nf6 9. Re1 Be7 10. Ne2 0-0 11. c3 Qa5 12. Bxc6 bxc6 13. d3 c5 14. Bf4 Qb6 15. Rab1 a5 16. g4 Bd6 17. g5 Nd7 18. d4 Bxf4 19. Qxf4 f6 20. g6 hxg6 21. Qg3 g5 22. Kg2 e5 23. Rh1 Rae8 24. Qf3 Qe6 25. dxc5 Nxc5 26. b4 axb4 27. cxb4 Ne4 28. Rhd1 f5 29. Qb3 f4 30. f3 Nf6 31. b5 g4 32. Ng1 e4 33. fxg4 f3+ 34. Kh2 Qe5+ 35. Kh1 Qg3 36. Rb2 e3 37. Rf1 f2 38. Rbxf2 Qxf2 39. Rxf2 exf2 40. Kg2 Nxg4 41. Nf3 f1Q+ 42. Kxf1 Rxf3+ 0-1

[Event "Politiken Cup 35th"]
[Site "Helsingor"]
[Date "2013.07.27"]
[Round "1"]
[White "Evertsson, Lennart"]
[Black "Andersen, Claus Nis"]
[Result "1-0"]
[WhiteElo "2200"]
[BlackElo "1806"]
[PlyCount "75"]
[EventDate "2013.07.27"]
[EventType "swiss"]
[EventRounds "10"]
[EventCountry "DEN"]
[SourceTitle "CBM 155 Extra"]
[Source "ChessBase"]
[SourceDate "2013.08.26"]
[SourceVersion "1"]
[SourceVersionDate "2013.08.26"]
[SourceQuality "1"]

1. d4 Nf6 2. c4 g6 3. Nc3 d5 4. Nf3 Bg7 5. Bg5 Ne4 6. Bh4 Nxc3 7. bxc3 c5 8. e3 Nc6 9. Qa4 0-0 10. Be2 dxc4 11. 0-0 Bd7 12. Qxc4 cxd4 13. cxd4 Rc8 14. Qb3 Na5 15. Qb4 Re8 16. Ne5 Nc6 17. Nxc6 Bxc6 18. Rad1 a5 19. Qb1 g5 20. Bg3 e6 21. Rd2 Bf8 22. Qd3 Bb4 23. Rb2 Qd5 24. f3 Qd7 25. a3 Bf8 26. h4 h6 27. hxg5 hxg5 28. Kf2 f5 29. Be5 Bg7 30. Bxg7 Qxg7 31. Qb3 Re7 32. Bc4 a4 33. Qd3 g4 34. Qxf5 g3+ 35. Ke1 Rce8 36. Rh1 Qf8 37. Bxe6+ Rxe6 38. Qh7# 1-0

[Event "Rilton Cup 42nd"]
[Site "Stockholm"]
[Date "2012.12.28"]
[Round "2"]
[White "Evertsson, Lennart"]
[Black "Ornstein, Axel"]
[Result "0-1"]
[WhiteElo "2187"]
[BlackElo "2361"]
[PlyCount "64"]
[EventDate "2012.12.27"]
[EventType "swiss"]
[EventRounds "9"]
[EventCountry "SWE"]
[SourceTitle "CBM 152 Extra"]
[Source "ChessBase"]
[SourceDate "2013.02.25"]
[SourceVersion "1"]
[SourceVersionDate "2013.02.25"]
[SourceQuality "1"]

1. c4 Nf6 2. Nf3 c5 3. Nc3 e6 4. e3 d5 5. cxd5 exd5 6. Bb5+ Nc6 7. d4 Bd6 8. dxc5 Bxc5 9. Ne5 Qc7 10. Nxc6 bxc6 11. Be2 0-0 12. 0-0 Qe5 13. Bf3 h5 14. Qa4 Bg4 15. Bxg4 Nxg4 16. g3 Qf6 17. Kg2 Rfe8 18. Qf4 Qg6 19. Bd2 Rab8 20. b3 Bd6 21. Qa4 h4 22. Rae1 h3+ 23. Kh1 Bb4 24. a3 Qd3 25. axb4 Qxd2 26. Nd1 Ne5 27. e4 d4 28. Qa1 Nf3 29. Nb2 Nxe1 30. Nc4 Qe2 31. Qxe1 Qf3+ 32. Kg1 Qg2# 0-1

[Event "Stockholm op"]
[Site "Stockholm"]
[Date "2012.07.03"]
[Round "8"]
[White "Evertsson, Lennart"]
[Black "Lindgren, Philip"]
[Result "0-1"]
[WhiteElo "2114"]
[BlackElo "2230"]
[PlyCount "112"]
[EventDate "2012.06.28"]
[EventType "swiss"]
[EventRounds "9"]
[EventCountry "SWE"]
[SourceTitle "CBM 149 Extra"]
[Source "ChessBase"]
[SourceDate "2012.08.24"]
[SourceVersion "1"]
[SourceVersionDate "2012.08.24"]
[SourceQuality "1"]

1. e4 c5 2. Nf3 d6 3. Bb5+ Bd7 4. Bxd7+ Qxd7 5. 0-0 Nc6 6. d3 Nf6 7. Re1 g6 8. Bd2 Bg7 9. Bc3 0-0 10. a4 d5 11. exd5 Qxd5 12. Nbd2 e6 13. a5 b5 14. axb6 axb6 15. Nc4 Rab8 16. Ra6 b5 17. Ne3 Qd7 18. Qa1 Nd4 19. Bxd4 cxd4 20. Ra7 Qd6 21. Nf1 Rfc8 22. Re2 Nh5 23. g3 Qd5 24. Ne1 Ra8 25. Qa6 Rxa7 26. Qxc8+ Bf8 27. c4 bxc4 28. dxc4 Qf5 29. Qd8 e5 30. Qd5 Re7 31. f3 Nf6 32. Qc6 Re6 33. Qb7 Bh6 34. Qb3 e4 35. fxe4 Nxe4 36. Qf3 Qxf3 37. Nxf3 d3 38. Re1 d2 39. Rd1 Rb6 40. N1xd2 Nxd2 41. Nxd2 Rd6 42. Rb1 Rxd2 43. b4 Rc2 44. c5 Rc1+ 45. Rxc1 Bxc1 46. Kf2 Kf8 47. Kf3 Ke7 48. b5 Ba3 49. c6 Bc5 50. Ke4 Kd6 51. g4 h6 52. h4 Bb6 53. g5 hxg5 54. hxg5 Ke6 55. Kf4 Kd5 56. Kg4 Ke5 0-1